000 02525nam a2200373 a 4500
999 _c455507
_d455507
003 BLK
005 20250331093851.0
008 180408b bul|||||r ||||||| ||bul||
010 _aKNG00049441000
020 _a9786190301110
040 _aBLK
041 _aBUL
_cBUL
080 _aРазпространяване на научните знания - популяризиране на науката, занимателна наука, учение за явленията научно необяснени, заблуждения и фалшификации, илюзии и др. п., секретност на научните знания
_b001.9
_z001.9
080 _aПаметници на културата на историческите периоди. Археологическите паметници. Старини
_b904
_z904
080 _aЗвезди и звездни системи. Вселена - Космически лъчи, междузвездно пространство, Галактика, Млечен път, космология, извънгалактически системи
_b524
_z524
080 _aОрганизации, асоциации, движения със специални цели и/или области на дейност. Професионални асоциации(Ку-клукс-клан, масони, окултни движения, орден на тамплиерите).
_b061.23
_z061.23
100 1 _aПикнет, Лин
_eпърви автор
_9110655
139 _aПикнет, Лин и др.
_bП 51
240 _aThe Forbidden Universe
245 1 0 _aЗабранената вселена
_b Окултните корени на науката в търсене на божествения разум
_cЛин Пикнет, Клайв Принс; прев. от англ. Венцислав Божилов.
257 _aBGR
260 _bБард
_c2021
_9209457
_aСофия
_n978-954-655- ; 978-954-585- ; 978-954-584-
300 _a351 с.
_c21 см
380 _a0
650 7 _aХерметизъм
_9176419
650 0 _aОкултни науки
_9261934
653 7 _aконспирация
_9189034
700 1 _aПринс, Клайв
_eсъавт.
_9267114
700 _aБожилов, Венцислав Божидаров
_cТеодосиев, Стефан, 1968- (псевдоним)
_d1968-
_9367877
856 4 _qpdf
856 4 _qpdf
942 _cKNG
_n0
_s1
_014
944 _aCR
_k30552
_lВиолета Тройчева